书目信息 |
| 题名: |
文艺小百科
|
|
| 作者: | 吴立昌 著 | |
| 分册: | ||
| 出版信息: | 上海 学林出版社 1982 |
|
| 页数: | 491页 | |
| 开本: | 19cm | |
| 丛书名: | ||
| 单 册: | ||
| 中图分类: | I-61 , I206 | |
| 科图分类: | ||
| 主题词: | 文艺--百科全书 , 文学--中国 | |
| 电子资源: | ||
| ISBN: | ||
| 000 | 00639nam0 2200253 450 | |
| 001 | 1540555457 | |
| 005 | 20150127111634.03 | |
| 010 | @dCNY1.15 | |
| 091 | @a10259.001 | |
| 100 | @a19950124d1982 em y0chiy0110 ea | |
| 101 | 0 | @achi |
| 102 | @aCN@b310000 | |
| 105 | @af f 000yy | |
| 200 | 1 | @a文艺小百科@9wen yi xiao bai ke@f吴立昌等编著 |
| 210 | @a上海@c学林出版社@d1982 | |
| 215 | @a491页@c图@d19cm | |
| 300 | @a学习之友 | |
| 606 | 0 | @a文艺@x百科全书 |
| 606 | 0 | @a文学@x中国 |
| 690 | @aI-61@v5 | |
| 690 | @aI206@v4 | |
| 701 | 0 | @a吴立昌@9wu li chang@f(1937~)@4著 |
| 801 | 0 | @aCN@bTSSF@c20150127 |
| 905 | @aZUCC@dI206@eJY48 | |
| 文艺小百科/吴立昌等编著.-上海:学林出版社,1982 |
| 491页:图;19cm |
| 学习之友 |
| ISBN :CNY1.15 |
| ● |
| 相关链接 |
|
|
|
|
正题名:文艺小百科
索取号:I206/JY48
 
预约/预借
| 序号 | 登录号 | 条形码 | 馆藏地/架位号 | 状态 | 备注 |
| 1 | 7838377 | 278383777 | 学院路分馆/ [索取号:I206/JY48] | 在馆 |